zpět

Detail výsledku týmu

Pěkná brynda ST, Beroun

Datum a čas kvízu

26.5 Celkem bodů Celkový počet nahraných bodů na tomto kvízu bez doplňovacích otázek.
5. Pořadí na kvízu Konečné umístění týmu na tomto kvízu.

Zaznamenané odpovědi

# Otázka Odpověď Body Výsledky
1. Před lety investoval 47letý mo... Láďa Hruška 0
2. Minulý týden se stalo virálním... v záchodové míse 1
3. Po tříleté pauze se na obrazov... Příběh služebnice 0
4. Minulý týden se Česko po 60 le... Transalpský ropovod (Transalpine Pipeline, TAL) 0
5. V těchto dnech začíná play-off... Dallas Stars 1
6. Tonga a Togo sice mají podobné... D 0
7. Dříve v Prusku, nyní v Rusku.... Kaliningrad 1
8. Mezi kterou dvojicí sídel v na... B 0
9. Kterými úředními jazyky se mlu... angličtinou; španělštinou 0.5
10. Ke kvízu patří i pivo, které s... Turnov; Trutnov 0.5